000
00293nam a2200133Ia 4500
003
OSt
005
20240106141626.0
008
170523s9999 xx 000 0 und d
020
_a
9788131203750
040
_c
IIMTU
100
_a
Talley-N.J
245
0
_a
Clinical Examination
942
_2
ddc
_c
02
999
_c
10683
_d
10683